Freedom Fighters of India (Record no. 227940)

MARC details
000 -LEADER
fixed length control field 01512nam a22002657a 4500
005 - DATE AND TIME OF LATEST TRANSACTION
control field 20230718143840.0
008 - FIXED-LENGTH DATA ELEMENTS--GENERAL INFORMATION
fixed length control field 230718b ||||| |||| 00| 0 eng d
020 ## - INTERNATIONAL STANDARD BOOK NUMBER
International Standard Book Number 8124201358
040 ## - CATALOGING SOURCE
Transcribing agency AL
041 ## - LANGUAGE CODE
Language code of text/sound track or separate title English
082 ## - DEWEY DECIMAL CLASSIFICATION NUMBER
Edition number 23
Classification number 954.030
Item number CHAF
100 ## - MAIN ENTRY--PERSONAL NAME
Personal name A Chakravarty
100 ## - MAIN ENTRY--PERSONAL NAME
9 (RLIN) 127633
245 ## - TITLE STATEMENT
Title Freedom Fighters of India
260 ## - PUBLICATION, DISTRIBUTION, ETC.
Place of publication, distribution, etc. New Delhi
Name of publisher, distributor, etc. Crest Publishing House
Date of publication, distribution, etc. 1999
300 ## - PHYSICAL DESCRIPTION
Extent 88 p.
Other physical details PB
Dimensions 21.5x14 cm.
520 ## - SUMMARY, ETC.
Summary, etc. In 1997, India celebrates the fiftienth years of her independence from colonial rule. In the hustle bustle of our daily lives, we often forget the magnificent role of hundreds and thousands of people who gave their lives, the best years of their lives, their wealth, position and fame to make this day possible for us. It is impossible to chronicle the sacrifices of these unsung heroes. This books is a humble effort to trace the lives of some of leaders of that revolutionary era; Gandhi, Patel, Nehru, Azad and Ambedkar. Each of them played a role in shaping the form and direction of the freedom movement. They had a vision...of a free and prosperous nation lived in by healthy, happy people, Rereading their lives may help us in reaffirming our faith in that vision
650 ## - SUBJECT ADDED ENTRY--TOPICAL TERM
Topical term or geographic name entry element India
9 (RLIN) 127487
650 ## - SUBJECT ADDED ENTRY--TOPICAL TERM
Topical term or geographic name entry element Mohandas Karamchand Gandhi
9 (RLIN) 127488
650 ## - SUBJECT ADDED ENTRY--TOPICAL TERM
Topical term or geographic name entry element Jawahar Lal Nehru
9 (RLIN) 127489
650 ## - SUBJECT ADDED ENTRY--TOPICAL TERM
Topical term or geographic name entry element Vallabh Bhai Patel
9 (RLIN) 127490
650 ## - SUBJECT ADDED ENTRY--TOPICAL TERM
Topical term or geographic name entry element Abul Kalam Azad
9 (RLIN) 127491
650 ## - SUBJECT ADDED ENTRY--TOPICAL TERM
Topical term or geographic name entry element B R Ambedkar
9 (RLIN) 127492
700 ## - ADDED ENTRY--PERSONAL NAME
Personal name Chakravarty (A)
9 (RLIN) 127493
942 ## - ADDED ENTRY ELEMENTS (KOHA)
Source of classification or shelving scheme Dewey Decimal Classification
Koha item type Donated Books
Holdings
Withdrawn status Lost status Source of classification or shelving scheme Damaged status Not for loan Collection code Home library Current library Date acquired Total Checkouts Full call number Barcode Date last seen Price effective from Koha item type Public note
    Dewey Decimal Classification     History St Aloysius Library St Aloysius Library 06/27/2023   954.030 CHAF D06012 07/18/2023 07/18/2023 Donated Books Donated by V.T. Rajshekar